000 00907cam a2200241 4500
001 WB3619-02
008 000000n2000 000 0 eng u
035 _a(Sirsi) u106019
245 _aMinister endorses design quality as key component of value for money
260 _c2000
490 _aCabinet Office News Release
_v(CAB 185/00) 16 May 2000
520 _aGives details of a meeting of the newly-formed Ministerial Group on Public Sector Buildings, at which Lord Falconer commended the progress made in recognising the importance of design quality as a key component of value for money in buildings.
590 _aWB
650 _aDESIGN QUALITY
650 _aLORD FALCONER
650 _aPUBLIC SECTOR BUILDINGS
650 _aBEST VALUE
650 _aCABINET OFFICE
650 _aProcurement-old
650 _aVALUE FOR MONEY
690 _aBUILT ENVIRONMENT-BUILDING COSTS
942 _n0
999 _c63499
_d63499